00366nam a22001337a 4500008004100000020001500041050002400056100002400080245005200104250001200156260003200168300001400200650001800214181022b xxu||||| |||| 00| 0 eng d a9382823107 aK230b.K68 2014 c.1 aKoul, Autar Krishen aA Textbook of JurisprudencecAutar Krishen Koul a2nd ed. anew DelhibSatyam Lawc2014 avi, 424p. aJurisprudence